Leading cases on the law of rating (Record no. 410125)

000 -LEADER
fixed length control field 00366cam a22001217a 4500
008 - FIXED-LENGTH DATA ELEMENTS--GENERAL INFORMATION
fixed length control field 180718b1963 xxu||||| |||| 00| 0 eng d
082 ## - DEWEY DECIMAL CLASSIFICATION NUMBER
Classification number L23103x42 J133
100 ## - MAIN ENTRY--PERSONAL NAME
Personal name Jackson, Edward
245 ## - TITLE STATEMENT
Title Leading cases on the law of rating
Statement of responsibility, etc. by Edward jackson
260 ## - PUBLICATION, DISTRIBUTION, ETC.
Place of publication, distribution, etc. London
Name of publisher, distributor, etc. Buterworths
Date of publication, distribution, etc. 1963
300 ## - PHYSICAL DESCRIPTION
Extent xxiv,341p
650 ## - SUBJECT ADDED ENTRY--TOPICAL TERM
Topical term or geographic name entry element Tax assessment --Great Britain --Cases.
Holdings
Withdrawn status Lost status Damaged status Not for loan Permanent Location Current Location Date acquired Full call number Barcode Date last seen Price effective from Koha item type
        Indian Institute of Public Administration Indian Institute of Public Administration 2009-01-14 L23103x42 J133 DA207 2018-07-21 2018-07-21 DA

Powered by Koha